Metallica Seattle 89' setlist - Statistics

General Stats
  • This quiz has been taken 660 times
  • The average score is 14 of 17
Answer Stats
Song Album % Correct
7. Master of Puppets Master of Puppets
98%
11. One ...And Justice for All
96%
9. Seek and Destroy Kill 'Em All
94%
13. Battery Master of Puppets
92%
2. For Whom the Bell Tolls Ride The Lightning
92%
1. Blackened ...And Justice for All
91%
8. Fade to Black Ride The Lightning
90%
12. Creeping Death Ride The Lightning
88%
3. Welcome Home (Sanitarium) Master of Puppets
86%
10. ...And Justice for All ...And Justice for All
85%
16. Whiplash Kill 'Em All
84%
5. The Four Horsemen Kill 'Em All
83%
4. Harvester of Sorrow ...And Justice for All
82%
6. The Thing That Should Not Be Master of Puppets
77%
15. Am I Evil? Ride The Lightning / Garage Inc.
67%
14. Last Caress Garage Inc.
52%
17. Breadfan Garage Inc.
49%
No matching quizzes found
Score Distribution
Percent of People with Each Score
Percentile by Number Answered
Your Score History
You have not taken this quiz